[Event "NRW Class2 1314"]
[Site "Germany"]
[Date "2014.01.12"]
[Round "5.6"]
[White "Quelle, Helmut"]
[Black "Becker, Joerg"]
[Result "1/2-1/2"]
[WhiteElo "2084"]
[BlackElo "2149"]
[PlyCount "44"]
[EventDate "2013.09.15"]
[EventType "team-tourn"]
[EventRounds "9"]
[EventCountry "GER"]
[SourceTitle "EXT 2015"]
[Source "ChessBase"]
[SourceDate "2014.11.20"]
[SourceVersion "1"]
[SourceVersionDate "2014.11.20"]
[SourceQuality "1"]
[WhiteTeam "Herford"]
[BlackTeam "Herne Sodingen"]
[WhiteTeamCountry "GER"]
[BlackTeamCountry "GER"]

1. Nf3 c5 2. g3 Nf6 3. Bg2 Nc6 4. c4 g6 5. Nc3 Bg7 6. 0-0 0-0 7. d4 cxd4 8. Nxd4 Qb6 9. Nxc6 dxc6 10. Qc2 Qd4 11. Qb3 Nd7 12. Be3 Qe5 13. Rad1 Qc7 14. Ne4 Nf6 15. Bd4 Nxe4 16. Bxe4 Bxd4 17. Rxd4 Qe5 18. Qe3 Be6 19. f4 Qc5 20. b3 Rad8 21. Rfd1 Rd6 22. Kf2 Rfd8 1/2-1/2

[Event "NRW Class2 1213"]
[Site "Germany"]
[Date "2013.04.28"]
[Round "9.7"]
[White "Wilke, Christopher"]
[Black "Becker, Joerg"]
[Result "1/2-1/2"]
[WhiteElo "2003"]
[BlackElo "2170"]
[PlyCount "41"]
[EventDate "2012.09.16"]
[EventType "team-tourn"]
[EventRounds "9"]
[EventCountry "GER"]
[SourceTitle "EXT 2017"]
[Source "ChessBase"]
[SourceDate "2016.10.25"]
[SourceVersion "1"]
[SourceVersionDate "2016.10.25"]
[SourceQuality "1"]
[WhiteTeam "Niederkassel"]
[BlackTeam "Herne Sodingen"]
[WhiteTeamCountry "GER"]
[BlackTeamCountry "GER"]

1. d4 d5 2. c4 e6 3. Nf3 Nf6 4. Nc3 c5 5. e3 Nc6 6. cxd5 exd5 7. Be2 Be7 8. 0-0 0-0 9. b3 cxd4 10. Nxd4 Nxd4 11. Qxd4 Be6 12. Bb2 Qa5 13. Rfd1 Rfd8 14. Nb5 Rdc8 15. a3 a6 16. b4 Qa4 17. Nc3 Qb3 18. Rab1 Bf5 19. Bd3 Bxd3 20. Rxd3 Rd8 21. Ne2 1/2-1/2

[Event "NRW Class2 1213"]
[Site "Germany"]
[Date "2012.11.18"]
[Round "3.6"]
[White "Korth, Daniel"]
[Black "Becker, Joerg"]
[Result "1/2-1/2"]
[WhiteElo "2147"]
[BlackElo "2170"]
[PlyCount "71"]
[EventDate "2012.09.16"]
[EventType "team-tourn"]
[EventRounds "9"]
[EventCountry "GER"]
[SourceTitle "EXT 2017"]
[Source "ChessBase"]
[SourceDate "2016.10.25"]
[SourceVersion "1"]
[SourceVersionDate "2016.10.25"]
[SourceQuality "1"]
[WhiteTeam "Muenster"]
[BlackTeam "Herne Sodingen"]
[WhiteTeamCountry "GER"]
[BlackTeamCountry "GER"]

1. d4 Nf6 2. c4 e6 3. g3 c5 4. d5 d6 5. Nc3 exd5 6. cxd5 Qa5 7. Bd2 Be7 8. e4 0-0 9. Bd3 Qc7 10. Qc2 a6 11. a4 Nbd7 12. Nf3 Ne5 13. Nxe5 dxe5 14. 0-0 Bh3 15. Rfe1 Bd6 16. Bg5 Ng4 17. Bf1 Bxf1 18. Rxf1 h6 19. Bd2 c4 20. h3 Nf6 21. Nd1 b5 22. Ne3 Rfc8 23. axb5 axb5 24. Rxa8 Rxa8 25. Nf5 Nd7 26. Nxd6 Qxd6 27. Be3 Nc5 28. Bxc5 Qxc5 29. Rd1 b4 30. d6 Rd8 31. Rd5 Qc6 32. Qd2 c3 33. bxc3 bxc3 34. Qc2 Rxd6 35. Rxd6 Qxd6 36. Qxc3 1/2-1/2

[Event "NRW Class2 1213"]
[Site "Germany"]
[Date "2012.10.21"]
[Round "2.7"]
[White "Heuermann, Heinz Burkhard"]
[Black "Becker, Joerg"]
[Result "0-1"]
[WhiteElo "1956"]
[BlackElo "2170"]
[PlyCount "138"]
[EventDate "2012.09.16"]
[EventType "team-tourn"]
[EventRounds "9"]
[EventCountry "GER"]
[SourceTitle "EXT 2017"]
[Source "ChessBase"]
[SourceDate "2016.10.25"]
[SourceVersion "1"]
[SourceVersionDate "2016.10.25"]
[SourceQuality "1"]
[WhiteTeam "Herford"]
[BlackTeam "Herne Sodingen"]
[WhiteTeamCountry "GER"]
[BlackTeamCountry "GER"]

1. c4 e5 2. Nc3 Bb4 3. Qc2 Nf6 4. g3 Nc6 5. e3 0-0 6. Bg2 Bxc3 7. dxc3 d6 8. e4 a5 9. b3 a4 10. Bb2 axb3 11. axb3 Rxa1+ 12. Bxa1 Be6 13. Ne2 Nd7 14. 0-0 f5 15. f4 g6 16. Bb2 Nc5 17. fxe5 Nxe5 18. Nd4 Bc8 19. exf5 gxf5 20. Nxf5 Bxf5 21. Rxf5 Rxf5 22. Qxf5 Nxb3 23. Bxb7 c6 24. Kg2 Kg7 25. Ba3 Na5 26. Bc8 Naxc4 27. Bc1 Qf6 28. Qh5 Qg6 29. Qe2 Qd3 30. Qxd3 Nxd3 31. Bg5 h6 32. Bd8 Nc5 33. Kf1 Kf7 34. Ke2 Ne6 35. Bh4 Ne5 36. Bb7 Nc5 37. Ba8 Ke6 38. h3 Kd7 39. Bf6 Ne4 40. Bxe5 dxe5 41. Kf3 Nxc3 42. Bb7 Kd6 43. Ba6 Kd5 44. g4 Nb5 45. h4 Ke6 46. Ke3 Nd6 47. Be2 Kf6 48. Bf3 c5 49. Bd5 Ne8 50. Ke4 Nd6+ 51. Kd3 Kg6 52. Bf3 Kg7 53. Bd5 Kf6 54. Bg8 e4+ 55. Ke3 Ke5 56. Bh7 Nc4+ 57. Ke2 Kf4 58. g5 Nd6 59. gxh6 Nf7 60. Bg8 Nxh6 61. Be6 Nf5 62. Bxf5 Kxf5 63. Ke3 c4 64. h5 c3 65. h6 Kg6 66. h7 Kxh7 67. Ke2 Kg6 68. Kd1 e3 69. Ke2 c2 0-1